000
00280nam a22001337a 4500
082
_a
894.812.3
_b
MAD/H
100
_a
HAMSADWANI
245
_a
OLIVU PUBLICATIONS
_b
KOZHIKODE
_c
2005
260
_a
894.812.3
_b
MAD/H
300
_a
82
520
_a
NOVEL
650
_a
NOVEL
942
_c
BK
999
_c
4983
_d
4983